Guess the Harry Styles Song - 1 - Statistics

General Stats
  • This quiz has been taken 18 times
  • The average score is 104 of 191
Answer Stats
Answer % Correct
I
100%
the
93%
you
93%
to
86%
me
71%
do?
64%
do
64%
in
64%
it
64%
your
64%
don't
57%
Give
57%
(Give
57%
go
57%
hallway
57%
Is
57%
know
57%
on
57%
We
57%
we
57%
with
57%
all
50%
and
50%
And
50%
away
50%
be
50%
come
50%
It's
50%
just
50%
Just
50%
Meet
50%
more
50%
more)
50%
pain
50%
some
50%
take
50%
without
50%
about
43%
around
43%
at
43%
bedroom
43%
better,
43%
better
43%
door,
43%
door
43%
floor,
43%
floor
43%
get
43%
gotta
43%
Hoping
43%
I'll
43%
left
43%
let
43%
Maybe
43%
maybe
43%
once
43%
out
43%
something
43%
talk
43%
there
43%
we'll
43%
work
43%
any
36%
Cause
36%
day
36%
morphine
36%
Nothing
36%
Running
36%
streets
36%
thieves
36%
walked
36%
you'll
36%
else
29%
will
29%
No matching quizzes found
Score Distribution
Percent of People with Each Score
Percentile by Number Answered
Your Score History
You have not taken this quiz